[Event "Mechanics' Summer TNM; G/2"]
[Site "San Francisco"]
[Date "2016.05.31"]
[Round "2.12"]
[White "Krasnov, Steven Le"]
[Black "Boldi, Ethan Vaugh"]
[Result "1/2-1/2"]
[WhiteElo "1993"]
[BlackElo "1746"]
[Annotator "Donaldson"]
[PlyCount "117"]
[EventDate "2016.??.??"]

1. d4 d5 2. Bf4 Nf6 3. e3 c5 4. c3 Nc6 5. Bd3 Bg4 6. Nf3 e6 7. Nbd2 Qb6 8. Qc1
Rc8 9. O-O Be7 10. h3 Bh5 11. a3 Bg6 12. Qb1 O-O 13. dxc5 Qxc5 14. Rc1 Rfd8 15.
b4 Qb6 16. Bxg6 fxg6 17. a4 a6 18. Qd3 Bd6 19. Bxd6 Rxd6 {Diagram [#]} 20. Nc4
$1 Qd8 21. Nxd6 Qxd6 22. Rd1 (22. c4 $1 {
giving back a little material to open lines.}) 22... e5 23. Qe2 e4 24. Ne1 Ne5
25. Rac1 Rc4 26. Rd4 Rxd4 27. exd4 Nc4 28. Rb1 Nh5 29. Qg4 Qe7 30. b5 a5 31.
Qc8+ Kf7 32. Qc5 Qd7 33. b6 Ke6 34. Rb5 Nf4 35. Kf1 Nd3 36. Qc7 Ndb2 37. Qxd7+
Kxd7 38. Rxd5+ Kc6 39. Rc5+ Kxb6 40. Ke2 Nd6 41. Kd2 Nxa4 42. Rd5 Kc6 43. Rg5
b6 44. Kc2 Nb5 45. Rg3 Kd5 46. Kb3 Naxc3 47. Rxc3 Nxc3 48. Kxc3 b5 49. Nc2 b4+
50. Kb3 g5 51. Ka4 Kc4 52. Kxa5 b3 53. Na3+ Kxd4 54. Kb4 Kd3 55. Nb1 Ke2 56.
Nc3+ Kxf2 57. Nxe4+ Kxg2 58. Kxb3 h6 59. Kc2 {
Black should take on h3, when he is winning.} 1/2-1/2

[Event "Mechanics' Spring TNM; G/2"]
[Site "San Francisco"]
[Date "2016.04.05"]
[Round "4.11"]
[White "Krasnov, Steven Le"]
[Black "Dougal, Michael"]
[Result "1/2-1/2"]
[WhiteElo "1993"]
[BlackElo "1801"]
[PlyCount "97"]
[EventDate "2016.??.??"]

1. e4 d6 2. d4 Nf6 3. Nc3 g6 4. f4 Bg7 5. Nf3 c5 6. Bb5+ Bd7 7. e5 Ng4 8. Qe2
O-O 9. Bxd7 Qxd7 10. dxc5 dxe5 11. h3 e4 12. Nxe4 Nf6 13. O-O Na6 14. Rd1 Qc7
15. Nfg5 Nxc5 16. Nxc5 Qxc5+ 17. Be3 Qc7 18. c3 Rfd8 19. Qf3 b6 20. Bd4 Rac8
21. Rac1 h6 22. Ne4 Nxe4 23. Qxe4 Bxd4+ 24. Rxd4 Rxd4 25. Qxd4 Rd8 26. Qe3 Qd6
27. Re1 e6 28. Kf2 Kg7 29. Re2 Qd5 30. b3 Rd7 31. c4 Qf5 32. g4 Qd3 33. Qe5+
Kg8 34. Qe3 Kf8 35. Qxd3 Rxd3 36. Re3 Rd2+ 37. Re2 Rd3 38. Kg2 Ke7 39. f5 Kf6
40. fxe6 fxe6 41. Rf2+ Ke7 42. Rf3 Rd2+ 43. Rf2 Rd3 44. h4 g5 45. hxg5 hxg5 46.
Rf3 Rd2+ 47. Rf2 Rd3 48. Rf3 Rd2+ 49. Rf2 1/2-1/2

[Event "Mechanics' Alan Benson TNM; G/2"]
[Site "San Francisco"]
[Date "2016.09.27"]
[Round "9.5"]
[White "Krasnov, Steven Le"]
[Black "Gaffagan, Steven"]
[Result "1-0"]
[WhiteElo "1977"]
[BlackElo "2096"]
[PlyCount "105"]
[EventDate "2016.??.??"]

1. Nf3 Nf6 2. c4 g6 3. Nc3 Bg7 4. d4 O-O 5. Bg5 h6 6. Bh4 c5 7. e3 Qa5 8. Qd2
cxd4 9. exd4 d6 10. Be2 Nbd7 11. O-O g5 12. Bg3 Nh5 13. Rad1 Nxg3 14. fxg3 e6
15. Nb5 Qb6 16. a4 a6 17. a5 Qc6 18. Nc3 Rb8 19. b4 Qc7 20. g4 b6 21. axb6 Qxb6
22. Rb1 Bb7 23. c5 Qc7 24. Rfc1 dxc5 25. bxc5 Rfc8 26. Qe3 Qc6 27. Bd3 Nf6 28.
h3 h5 29. Rb6 Qc7 30. gxh5 Bxf3 31. Rxb8 Rxb8 32. Qxf3 Nd5 33. Qe4 Nxc3 34.
Rxc3 Qg3 35. h6 Bf6 36. c6 Kf8 37. Rc4 g4 38. c7 Rc8 39. hxg4 Bh4 40. h7 Qf2+
41. Kh1 Kg7 42. Qe5+ Bf6 43. Qe4 Qh4+ 44. Kg1 Qg3 45. Qf3 Qe1+ 46. Bf1 Qd2 47.
Qf2 Qg5 48. Rc5 Qxg4 49. Rc4 Qg5 50. Rc3 Kh8 51. Rg3 Qh4 52. Rg8+ Kxh7 53.
Qxh4+ 1-0

[Event "Mechanics' Summer TNM; G/2"]
[Site "San Francisco"]
[Date "2016.07.05"]
[Round "7.10"]
[White "Krasnov, Steven Le"]
[Black "Lewis, Edward Mich"]
[Result "0-1"]
[WhiteElo "1993"]
[BlackElo "1911"]
[Annotator "Donaldson"]
[PlyCount "85"]
[EventDate "2016.??.??"]

1. c4 e5 2. Nc3 d6 3. g3 g6 4. Bg2 Bg7 5. d3 Ne7 6. e3 Nbc6 7. Nge2 Be6 8. Bd2
O-O 9. a3 d5 10. cxd5 Nxd5 11. Qc2 Qd7 12. O-O f5 13. Rad1 Rad8 14. Bc1 Qf7 15.
Rd2 h5 16. b4 h4 17. Bb2 f4 18. Nxd5 f3 19. Ndf4 exf4 20. Bxf3 fxe3 21. fxe3
Bh3 22. Rf2 Ne5 23. Bxe5 Bxe5 24. Nf4 Bxf4 25. gxf4 Rde8 26. Rde2 c6 27. d4 Re7
28. Bg2 Bg4 29. Re1 Qf6 30. d5 h3 31. Be4 Rfe8 32. Bxg6 Rxe3 33. Ref1 Re2 34.
Qb1 R8e3 35. dxc6 bxc6 36. Bh7+ Kg7 37. Bd3 Rxf2 38. Rxf2 Qd4 39. Bf1 Rxa3 $2 (
39... Be2 $19) 40. Qb2 $11 Rc3 41. b5 (41. Qd2) 41... c5 42. Qd2 Qf6 43. Qd6 $4
0-1

[Event "Mechanics' Fall TNM; G/2"]
[Site "San Francisco"]
[Date "2016.10.18"]
[Round "1.19"]
[White "Krasnov, Steven Le"]
[Black "McEnroe, Glenn Aus"]
[Result "1-0"]
[WhiteElo "1977"]
[BlackElo "1508"]
[Annotator "Donaldson"]
[PlyCount "75"]
[EventDate "2016.??.??"]

1. Nf3 Nf6 2. c4 c5 3. Nc3 g6 4. d4 cxd4 5. Nxd4 Bg7 6. e4 d6 7. Be2 O-O 8. Be3
Nc6 9. h3 Qa5 (9... Bd7 10. O-O Nxd4 11. Bxd4 Bc6) 10. O-O Nxd4 11. Bxd4 Bxh3
$6 12. gxh3 Qg5+ 13. Kh1 Qh4 14. Qd3 $2 (14. Kh2) 14... h5 $2 (14... e5 $1 $11)
15. Qg3 Qxg3 16. fxg3 Nxe4 17. Bxg7 Nxg3+ 18. Kg2 Nxf1 19. Bxf8 Ne3+ 20. Kf2
Nf5 21. Bxe7 Nxe7 22. Rd1 Rd8 23. Bf3 Nc6 24. Nb5 a6 25. Nxd6 Ne5 26. Nxb7 Rxd1
27. Bxd1 Nxc4 28. b3 Nb6 29. Be2 Nd5 30. Bc4 Nc7 31. Nd6 Kg7 32. Nxf7 Kf6 33.
Ke3 a5 34. Nd6 Kg5 35. Kf3 Na8 36. Nb7 a4 37. bxa4 Nb6 38. Bb3 1-0

[Event "Mechanics' Summer TNM; G/2"]
[Site "San Francisco"]
[Date "2016.06.21"]
[Round "5.15"]
[White "Krasnov, Steven Le"]
[Black "Newey, Richard H"]
[Result "1-0"]
[WhiteElo "1993"]
[BlackElo "1811"]
[PlyCount "79"]
[EventDate "2016.??.??"]

1. e4 e5 2. Nc3 Nf6 3. f4 d5 4. exd5 exf4 5. Bb5+ c6 6. dxc6 bxc6 7. Bc4 Bg4 8.
Nf3 Bc5 9. d3 O-O 10. Bxf4 Re8+ 11. Kf1 Qe7 12. Qe1 Bxf3 13. gxf3 Qd7 14. Qh4
Qf5 15. Ne4 Be7 16. Nxf6+ Bxf6 17. Qg3 Nd7 18. c3 Ne5 19. Bxe5 Rxe5 20. Kf2
Rae8 21. Rae1 Qd7 22. Rxe5 Bxe5 23. Qg4 Qxg4 24. fxg4 Bd6 25. h4 g6 26. Kf3 Kg7
27. d4 Bc7 28. b4 Bd8 29. a4 a5 30. b5 cxb5 31. Bxb5 Re7 32. c4 f5 33. gxf5 Rf7
34. Ke4 Rxf5 35. c5 Kf6 36. d5 Re5+ 37. Kd4 Rf5 38. d6 Ke6 39. Re1+ Kf6 40. Re8
1-0

[Event "Mechanics' Winter TNM; G/2"]
[Site "San Francisco"]
[Date "2016.01.12"]
[Round "2.15"]
[White "Krasnov, Steven Le"]
[Black "Robeal, Rafik"]
[Result "1-0"]
[WhiteElo "1958"]
[BlackElo "1718"]
[PlyCount "79"]
[EventDate "2016.??.??"]

1. c4 Nf6 2. Nc3 g6 3. Nf3 Bg7 4. e4 d6 5. g3 O-O 6. Bg2 Na6 7. O-O Nc5 8. Qc2
a5 9. d4 Na6 10. a3 c6 11. h3 Rb8 12. Be3 Nh5 13. g4 Nf6 14. Rad1 Qc7 15. Bf4
Nd7 16. c5 Naxc5 17. dxc5 Nxc5 18. Rfe1 e5 19. Be3 Ne6 20. Rc1 Nd4 21. Qd3
Nxf3+ 22. Bxf3 Qe7 23. Red1 Rd8 24. Bb6 Rd7 25. Be2 Ra8 26. Rc2 Ra6 27. Be3 b6
28. Nd5 Qd8 29. Rxc6 Bf8 30. Bxb6 Rxb6 31. Rxb6 Bb7 32. Rb3 Bxd5 33. Qxd5 a4
34. Rb7 Rc7 35. Bf1 h5 36. Rxc7 Qxc7 37. Bc4 hxg4 38. hxg4 Qd7 39. Rd3 Qe7 40.
Rf3 1-0

[Event "Mechanics' Alan Benson TNM; G/2"]
[Site "San Francisco"]
[Date "2016.08.09"]
[Round "2.13"]
[White "Krasnov, Steven Le"]
[Black "Starr, Albert Mart"]
[Result "1-0"]
[WhiteElo "1977"]
[BlackElo "1518"]
[PlyCount "79"]
[EventDate "2016.??.??"]

1. d4 f5 2. c4 g6 3. Nc3 Nf6 4. Nf3 Bg7 5. g3 d6 6. Bg2 O-O 7. O-O c5 8. d5
Nbd7 9. Qc2 h6 10. Nh4 Qe8 11. Nb5 Qf7 12. Nc7 Rb8 13. Ne6 Re8 14. e4 fxe4 15.
Bxe4 Nxe4 16. Qxe4 Ne5 17. f4 Ng4 18. Qxg6 Bxe6 19. dxe6 Qxg6 20. Nxg6 Bd4+ 21.
Kg2 b5 22. h3 Ne3+ 23. Bxe3 Bxe3 24. cxb5 Rxb5 25. b3 d5 26. Rad1 Bd4 27. Rf3
a5 28. Nh4 Rf8 29. g4 a4 30. Nf5 axb3 31. Nxe7+ Kh7 32. axb3 Re8 33. Nxd5 Ra5
34. Rxd4 cxd4 35. Nf6+ Kg6 36. Nxe8 Rd5 37. f5+ Kg5 38. Kg3 h5 39. h4+ Kh6 40.
g5+ 1-0

[Event "Mechanics' Winter TNM; G/2"]
[Site "San Francisco"]
[Date "2016.02.02"]
[Round "5.4"]
[White "Krasnov, Steven Le"]
[Black "Tracy, Joseph J"]
[Result "1/2-1/2"]
[WhiteElo "1958"]
[BlackElo "2179"]
[PlyCount "24"]
[EventDate "2016.??.??"]

1. d4 Nf6 2. c4 g6 3. Nf3 Bg7 4. Nc3 O-O 5. Bg5 d6 6. e3 c5 7. Be2 Nc6 8. O-O
Bd7 9. h3 a6 10. Qd2 cxd4 11. exd4 Qa5 12. a3 Rfe8 $16 1/2-1/2

[Event "Mechanics' Winter TNM; G/2"]
[Site "San Francisco"]
[Date "2016.02.09"]
[Round "6.3"]
[White "Krasnov, Steven Le"]
[Black "Tsodikova, Natalya"]
[Result "0-1"]
[WhiteElo "1958"]
[BlackElo "2207"]
[Annotator "Donaldson"]
[PlyCount "30"]
[EventDate "2016.??.??"]

1. c4 Nf6 2. d4 g6 3. g3 Bg7 4. Bg2 O-O 5. Nf3 d6 6. Nc3 c5 7. O-O Nc6 8. d5
Na5 9. Qd3 a6 10. Rd1 b5 11. cxb5 axb5 12. Nxb5 $4 {Diagram #} (12. Qxb5 Bf5)
12... Bf5 $3 13. Qa3 (13. Qd2 Nb3 $19) (13. Qc3 Ng4 14. Qe1 Nb3 $19) 13... Bc2
14. Rd3 Qb6 15. Qc3 Bxd3 0-1

[Event "Mechanics' Spring TNM; G/2"]
[Site "San Francisco"]
[Date "2016.03.22"]
[Round "2.11"]
[White "Krasnov, Steven Le"]
[Black "Walters, Kevin"]
[Result "0-1"]
[WhiteElo "1993"]
[BlackElo "1701"]
[PlyCount "78"]
[EventDate "2016.??.??"]

1. d4 f5 2. c4 Nf6 3. Nc3 e6 4. Bg5 Be7 5. e3 O-O 6. Nh3 d6 7. Qc2 b6 8. Bd3
Bb7 9. f3 Nh5 10. Bxe7 Qxe7 11. O-O-O Na6 12. a3 c5 13. Rhf1 cxd4 14. exd4 Qh4
15. Kb1 g6 16. Nb5 Rfd8 17. Rde1 Ng7 18. Qd2 Rd7 19. Qf4 Qxf4 20. Nxf4 Re8 21.
Nxa7 e5 22. Ne2 e4 23. fxe4 fxe4 24. Bc2 Nf5 25. Nb5 Ne3 26. Rf2 Nxc4 27. Nec3
d5 28. Kc1 Nc7 29. Nxc7 Rxc7 30. Bb3 Rf8 31. Rfe2 Kg7 32. Bxc4 Rxc4 33. Rd2 Rf5
34. Kc2 Ba6 35. b3 Rc6 36. Kb2 Rcf6 37. Na4 Rf2 38. Red1 Rxd2+ 39. Rxd2 e3 0-1

[Event "Mechanics' Alan Benson TNM; G/2"]
[Site "San Francisco"]
[Date "2016.09.13"]
[Round "7.5"]
[White "Krasnov, Steven Le"]
[Black "Wong, Russell"]
[Result "1-0"]
[WhiteElo "1977"]
[BlackElo "2200"]
[PlyCount "65"]
[EventDate "2016.??.??"]

1. c4 d6 2. Nc3 e5 3. g3 g6 4. Bg2 Bg7 5. d3 Ne7 6. Nh3 h6 7. O-O O-O 8. f4
Nbc6 9. e3 Bd7 10. Bd2 Qc8 11. Nf2 exf4 12. gxf4 Nf5 13. d4 Nh4 14. Bh1 Kh8 15.
Nd5 Qd8 16. Bc3 g5 17. Qh5 gxf4 18. Nxf4 Rg8 19. Ng2 Bf8 20. Ne4 f5 21. Ng3
Nxg2 22. Bxg2 Rg5 23. Qe2 Bg7 24. b4 Qe8 25. Kh1 h5 26. Rf4 Qg6 27. Rh4 Be8 28.
Rf1 Bf7 29. Rhf4 Ne7 30. e4 Be6 31. Rh4 fxe4 32. Nxh5 Rg4 33. Nf4+ 1-0

[Event "Mechanics' Alan Benson TNM; G/2"]
[Site "San Francisco"]
[Date "2016.08.30"]
[Round "5.14"]
[White "Kuczek, Kevin W"]
[Black "Anderson, Michael"]
[Result "1-0"]
[WhiteElo "1742"]
[BlackElo "1958"]
[Annotator "Winslow,Elliott"]
[PlyCount "82"]
[EventDate "2016.??.??"]

1. e4 c5 2. Nc3 e6 3. g3 Nc6 4. Bg2 g6 5. d3 Bg7 6. Nge2 Nge7 7. O-O O-O 8. Be3
Nd4 9. Qd2 Nec6 10. f4 d6 11. Rab1 Rb8 12. Nd1 b5 13. c3 Nxe2+ 14. Qxe2 e5 15.
f5 Qe7 {Diagram [#]} 16. fxg6 $2 {That pawn was White's main feature!} fxg6 17.
Nf2 Be6 18. a3 Qd7 19. Nh1 b4 $6 ({I'd include} 19... a5) 20. axb4 cxb4 21. c4
b3 $6 {I'm suspicious} 22. Ra1 a5 23. Ra3 a4 24. Rfa1 Ra8 25. Qd2 Ne7 $2 (25...
Nd4 26. Bxd4 exd4 {
secures the a-pawn and leaves Black with better prospects elsewhere}) 26. Nf2
Rfb8 27. Nd1 Qe8 28. Nc3 Bd7 29. Bg5 {
Now it's Black who can't keep it all together} Bc6 30. Bxe7 Qxe7 31. Nxa4 Bf6 (
{Or can he?} 31... Qa7+ $5 32. Kh1 Bxa4 33. Rxa4 Qxa4 34. Rxa4 {
when White doesn't have much to do.}) 32. Nc3 Bg5 33. Qe2 Qb7 34. Bh3 Rxa3 35.
Rxa3 Qb4 $2 {The queen is needed elsewhere} 36. Be6+ Kh8 37. Ra1 Rf8 38. Rf1
Qc5+ 39. Kg2 Bf6 40. Bd5 $6 {White tries to get the worst of it} Bd7 41. Qf2 $2
{Diagram [#]} (41. h4) (41. Rf2) 41... Qb4 $2 (41... Qc8 $1 {Black actually
finds real counterplay on White's weak light squares on the kingside!
According to computer} 42. g4 $1 {(everything else loses!) is the only saviour}
Bxg4 43. Qg3) (41... Qb4 $2 42. Qa7 Bc8 43. Rxf6 Rxf6 44. Qe7) 1-0

[Event "Mechanics' Winter TNM; G/2"]
[Site "San Francisco"]
[Date "2016.01.05"]
[Round "1.37"]
[White "Kuczek, Kevin W"]
[Black "Bayaraa, Bilguun"]
[Result "1-0"]
[WhiteElo "1741"]
[BlackElo "543"]
[PlyCount "51"]
[EventDate "2016.??.??"]

1. e4 e5 2. Nf3 Nc6 3. d4 Bd6 4. Bc4 Nce7 $2 5. dxe5 Bc5 6. O-O d6 7. exd6 cxd6
8. Nc3 Bg4 $2 9. Bxf7+ Kf8 10. Bc4 Nf6 11. h3 Bd7 12. Bg5 Ng6 13. Qd2 h6 14.
Bf4 Qc8 15. Bxd6+ Ke8 16. Bxc5 Qxc5 17. Bd5 Qc8 18. e5 Bxh3 19. gxh3 Qxh3 20.
exf6 Rd8 21. Qe3+ Kf8 22. Qc5+ Ke8 23. Rae1+ Kd7 24. Qb5+ Kd6 25. Ne4+ Kc7 26.
Qxb7# 1-0

[Event "Mechanics' Fall TNM; G/2"]
[Site "San Francisco"]
[Date "2016.12.06"]
[Round "8.17"]
[White "Kuczek, Kevin W"]
[Black "Clemens, Kristian"]
[Result "1-0"]
[WhiteElo "1742"]
[BlackElo "1944"]
[PlyCount "82"]
[EventDate "2016.??.??"]

1. e4 e5 2. Nf3 Nc6 3. Nc3 Nf6 4. Bc4 Bc5 5. O-O O-O 6. d3 h6 7. Be3 Bb6 8. h3
d6 9. Qd2 Be6 10. Bxe6 fxe6 11. d4 Nxd4 12. Bxd4 exd4 13. Nxd4 Bxd4 14. Qxd4 e5
15. Qc4+ Kh8 16. Rad1 Rc8 17. f4 exf4 18. Rxf4 Nd7 19. Rxf8+ Qxf8 20. Qa4 Nc5
21. Qd4 Qe8 22. b4 Na4 23. Nd5 Nb6 24. Ne3 Qg6 25. Nf5 Rf8 26. c4 Rf7 27. c5
dxc5 28. Qxc5 Qe6 29. Rd8+ Kh7 30. Qc2 Qc4 31. Qxc4 Nxc4 32. Rd4 Ne5 33. Rd5
Nd7 34. Nd4 Nf6 35. Rf5 Re7 36. e5 Ne8 37. e6 Nd6 38. Rf4 g5 39. Rf8 Kg7 40.
Ra8 Kf6 41. Rxa7 Ke5 {Black is no worse here, but in mutual time pressure went
on to lose. Remaining moves unavailable.} 1-0

[Event "Mechanics' Winter TNM; G/2"]
[Site "San Francisco"]
[Date "2016.01.26"]
[Round "4.11"]
[White "Kuczek, Kevin W"]
[Black "Doyle, Bryon"]
[Result "1/2-1/2"]
[WhiteElo "1741"]
[BlackElo "2203"]
[PlyCount "33"]
[EventDate "2016.??.??"]

1. e4 e5 2. Nf3 Nc6 3. d4 exd4 4. Nxd4 Nf6 5. Nxc6 bxc6 6. e5 Nd5 7. c4 Nb6 8.
Bd3 g6 9. O-O Bg7 10. Nc3 O-O 11. f4 Qe7 12. b3 Qc5+ 13. Kh1 d5 14. Qc2 Ba6 15.
cxd5 Bxd3 16. Qxd3 cxd5 17. Be3 {Remaining moves unavailable. White is much
better and Black drew with only the greatest difficulty.} 1/2-1/2

[Event "Mechanics' Alan Benson TNM; G/2"]
[Site "San Francisco"]
[Date "2016.09.20"]
[Round "8.20"]
[White "Kuczek, Kevin W"]
[Black "Hua, Arnold"]
[Result "1-0"]
[WhiteElo "1742"]
[BlackElo "1965"]
[PlyCount "29"]
[EventDate "2016.??.??"]

1. e4 d5 2. exd5 Nf6 3. Be2 Qxd5 4. Nf3 e5 5. Nc3 Qa5 6. d4 e4 7. Ne5 c6 8. O-O
Nbd7 9. Bf4 Nd5 10. Nxd5 cxd5 11. c4 Be7 12. cxd5 Qb6 13. Qa4 f6 14. Nc4 Qb4
15. Qc2 1-0

[Event "Mechanics' Fall TNM; G/2"]
[Site "San Francisco"]
[Date "2016.11.22"]
[Round "6.25"]
[White "Kuczek, Kevin W"]
[Black "Simpkins, Jerry"]
[Result "1-0"]
[WhiteElo "1742"]
[BlackElo "1542"]
[Annotator "Donaldson"]
[PlyCount "57"]
[EventDate "2016.??.??"]

1. e4 e5 2. Nf3 f5 (2... Nf6 3. Nxe5 Nxe4 4. Qe2 Qe7 5. Qxe4 d6) 3. Nxe5 Qf6 4.
Nc4 fxe4 5. Nc3 Qg6 6. d3 Bb4 7. Bd2 Bxc3 8. Bxc3 Nf6 9. dxe4 (9. Bxf6 Qxf6 (
9... gxf6 10. dxe4) 10. dxe4) 9... O-O (9... Nxe4 10. Bd3 O-O 11. O-O Nxc3 12.
bxc3 Qf6) 10. f3 d6 (10... Nxe4 11. Qd5+ Kh8 12. Ne5) 11. Qd2 Nc6 12. O-O-O Be6
13. Bd3 Qf7 14. b3 a6 (14... a5 15. Nxa5 Nxa5 16. Bxa5 b6 17. Bc3 Rxa2) 15. h4
b5 16. Ne3 Nh5 17. g4 Ng3 18. Rh3 Qf4 (18... Qxf3 19. Nf5 Ne2+ (19... Bxf5 20.
gxf5 Ne2+ 21. Bxe2 Qxh3 22. Qd5+) 20. Bxe2 Qxh3 21. Nxg7 Bf7 22. Nf5) 19. Rg1
b4 20. Bb2 Ne5 21. Rgxg3 a5 22. Nf5 Nxd3+ 23. cxd3 Qxd2+ 24. Kxd2 a4 25. Kc2 d5
26. Nxg7 axb3+ 27. axb3 Bf7 28. Nf5 dxe4 29. Nh6# 1-0

[Event "Mechanics' Winter TNM; G/2"]
[Site "San Francisco"]
[Date "2016.01.19"]
[Round "3.25"]
[White "Kuczek, Kevin W"]
[Black "Tokatyan, Shant"]
[Result "1-0"]
[WhiteElo "1741"]
[BlackElo "1490"]
[PlyCount "87"]
[EventDate "2016.??.??"]

1. e4 e6 2. d4 d5 3. exd5 exd5 4. c4 Nf6 5. Nc3 c6 6. Bd3 Bd6 7. Nge2 O-O 8.
Bg5 Nbd7 9. Qd2 dxc4 10. Bxc4 Re8 11. O-O b5 12. Bd3 Qc7 13. h3 b4 14. Na4 Ne4
15. Bxe4 Rxe4 16. Qc2 Re8 17. Be3 Nf6 18. Rac1 Bd7 19. Nc5 Rac8 20. Rfe1 Nd5
21. Bd2 Ne7 22. Bxb4 Rb8 23. Na6 Qb7 24. Bxd6 Rbc8 25. Nc5 Qb5 26. Nxd7 Qd5 27.
Bxe7 Qxd7 28. Bc5 Re6 29. Ng3 Rce8 30. Rxe6 Rxe6 31. Qd2 Rg6 32. Re1 h5 33. Qe3
h4 34. Qe8+ Qxe8 35. Rxe8+ Kh7 36. Nf5 Re6 37. Rxe6 fxe6 38. Nxh4 a6 39. f4 Kg8
40. Kf2 Kf7 41. Ke3 Kf6 42. Ke4 g5 43. fxg5+ Kxg5 44. Nf3+ 1-0

[Event "Mechanics' Alan Benson TNM; G/2"]
[Site "San Francisco"]
[Date "2016.08.16"]
[Round "3.28"]
[White "Kuczek, Kevin W"]
[Black "Waharte, Louka"]
[Result "1-0"]
[WhiteElo "1742"]
[BlackElo "1366"]
[PlyCount "49"]
[EventDate "2016.??.??"]

1. e4 e5 2. Nf3 Nc6 3. d4 exd4 4. Nxd4 Nf6 5. Nxc6 bxc6 6. e5 Qe7 7. Qe2 Nd5 8.
c4 Ba6 9. Nd2 g6 10. Qe4 Nb6 11. b3 Bg7 12. Bb2 O-O 13. Bd3 Rfe8 14. f4 Rab8
15. Bd4 Bb7 16. c5 Nc8 17. O-O d6 18. Rae1 a6 19. f5 dxc5 20. Ba1 Qg5 21. fxg6
hxg6 22. Nf3 Qd8 23. Bc4 Nd6 24. Qg4 Nxc4 25. Qxc4 {
Black's flag fell in a difficult position.} 1-0

[Event "Mechanics' Spring TNM; G/2"]
[Site "San Francisco"]
[Date "2016.05.03"]
[Round "8.17"]
[White "Kumar, Vikas"]
[Black "Gomez, Davi Flores"]
[Result "1/2-1/2"]
[WhiteElo "1973"]
[BlackElo "1836"]
[Annotator "Donaldson"]
[PlyCount "87"]
[EventDate "2016.??.??"]

1. Nf3 Nf6 2. c4 g6 3. b4 Bg7 4. Bb2 O-O 5. g3 c6 6. Bg2 a5 7. bxa5 d6 8. Bc3
c5 9. O-O Nc6 10. d3 Nxa5 11. Qc2 Nc6 12. Nbd2 Bg4 13. Rfb1 Qc7 14. Rb2 Ra3 15.
Rb3 Rfa8 16. Qb2 Rxb3 17. axb3 Rxa1+ 18. Qxa1 h6 19. Ne4 e5 20. Nxf6+ Bxf6 21.
h3 Be6 22. Nd2 Nd4 23. Kf1 Kg7 24. e3 Nc6 25. Ne4 Be7 26. Bd2 Qd7 27. h4 Bf5
28. Bc3 f6 29. d4 cxd4 30. exd4 exd4 31. Bxd4 Qe6 32. Nd2 Bh3 33. Qc3 Bxg2+ 34.
Kxg2 d5 35. c5 Qg4 36. Nf3 g5 37. hxg5 hxg5 38. b4 Qe4 39. b5 g4 40. bxc6 gxf3+
41. Qxf3 bxc6 (41... Qxd4 $4 42. c7 {and the pawn is unstoppable.}) 42. Qxe4
dxe4 43. g4 Kg6 44. Kg3 1/2-1/2

[Event "Mechanics' Spring TNM; G/2"]
[Site "San Francisco"]
[Date "2016.04.12"]
[Round "5.16"]
[White "Kumar, Vikas"]
[Black "Palmeri, Ralph P"]
[Result "1-0"]
[WhiteElo "1973"]
[BlackElo "1715"]
[PlyCount "73"]
[EventDate "2016.??.??"]

1. Nf3 d5 2. c4 c6 3. e3 Nf6 4. Nc3 g6 5. d4 Bg7 6. h3 Nbd7 7. Bd3 O-O 8. O-O
e6 9. e4 dxe4 10. Nxe4 Nxe4 11. Bxe4 Qc7 12. Be3 Rd8 13. Qe2 b6 14. Bg5 f6 15.
Bh4 Bb7 16. Rfe1 Re8 17. Rad1 Rad8 18. Qc2 Nf8 19. Qa4 c5 20. Qxa7 Re7 21. Qxb7
cxd4 22. Rxd4 Rxd4 23. Nxd4 Qxb7 24. Bxb7 Rxb7 25. Kf1 e5 26. Nb5 Rd7 27. f4
exf4 28. Bf2 Rb7 29. Re8 f5 30. b4 h6 31. a4 g5 32. a5 bxa5 33. bxa5 Rd7 34. a6
Kf7 35. Rc8 g4 36. a7 f3 37. Rc7 1-0

[Event "Mechanics' Spring TNM; G/2"]
[Site "San Francisco"]
[Date "2016.03.29"]
[Round "3.13"]
[White "Kumar, Vikas"]
[Black "Walder, Michael S"]
[Result "0-1"]
[WhiteElo "1973"]
[BlackElo "2109"]
[Annotator "Donaldson"]
[PlyCount "67"]
[EventDate "2016.??.??"]

1. Nf3 c5 2. c4 Nf6 3. Nc3 e6 4. g3 b6 5. Bg2 Bb7 6. O-O a6 7. d3 (7. d4) 7...
Be7 8. Bf4 O-O 9. a3 d6 10. Qc2 Nbd7 11. Rab1 Qc7 12. Rfc1 Rac8 13. Qd2 Rfe8
14. b4 e5 15. Bg5 e4 16. Ne1 exd3 17. exd3 Bxg2 18. Nxg2 Ne5 19. Ne1 Qd8 20.
Bxf6 Bxf6 21. Nd5 Nc6 22. Nc2 Bd4 23. Nce3 Ne5 24. Kg2 Rb8 25. Nc2 b5 26. Nxd4
cxd4 27. f4 Ng4 28. Re1 Re6 29. f5 Re5 30. Qf4 Ne3+ 31. Nxe3 dxe3 32. Rxe3 Rxe3
33. Qxe3 Qf6 34. Rd1 {
Both sides quit keeping score here. Black later won in mutual time pressure.}
0-1

[Event "Mechanics' Winter TNM; G/2"]
[Site "San Francisco"]
[Date "2016.02.23"]
[Round "8.26"]
[White "LaGrotta, Daniel"]
[Black "Newey, Richard H"]
[Result "0-1"]
[WhiteElo "1653"]
[BlackElo "1819"]
[Annotator "Donaldson"]
[PlyCount "52"]
[EventDate "2016.??.??"]

1. e4 c5 2. Nf3 d6 3. d4 cxd4 4. Nxd4 Nf6 5. Nc3 Nc6 6. Be3 g6 7. Bb5 (7. f3)
7... Bd7 8. Nxc6 bxc6 9. Be2 Bg7 10. Qd2 Rb8 11. Rb1 Qa5 12. O-O O-O 13. a3 Ng4
14. Bxg4 Bxg4 15. Nd5 Qd8 16. Nb4 Qc7 $2 (16... Qd7 $11) 17. Bxa7 $2 (17. Na6)
17... Rxb4 18. Qxb4 Qxa7 19. e5 Qd7 20. exd6 exd6 21. h3 Be6 22. c4 Bd4 23. Qd2
c5 24. Rfc1 Qe7 25. Re1 Qf6 26. Re2 Bxc4 0-1

[Event "Mechanics' Winter TNM; G/2"]
[Site "San Francisco"]
[Date "2016.02.09"]
[Round "6.17"]
[White "Lagrotta, Daniel S"]
[Black "Bayaraa, Chinguun"]
[Result "0-1"]
[WhiteElo "1653"]
[BlackElo "1889"]
[Annotator "Donaldson"]
[PlyCount "72"]
[EventDate "2016.??.??"]

1. e4 c5 2. Nf3 d6 3. d4 cxd4 4. Nxd4 Nf6 5. Nc3 a6 6. f3 e5 7. Nb3 Be7 8. Bg5
Be6 9. Bxf6 Bxf6 10. Nd5 Bxd5 11. Qxd5 Nc6 12. Bc4 O-O 13. c3 Rc8 14. O-O b5
15. Be2 Qb6+ 16. Kh1 Ne7 17. Qd2 Ng6 18. g3 Be7 19. Rac1 f5 20. c4 b4 21. exf5
Rxf5 22. Qd5+ Kh8 23. Bd3 Rf6 24. Nd2 Qe3 25. Bxg6 Rxg6 26. Qb7 Rg8 27. Ne4 Bg5
28. Rce1 Qd4 29. Qxb4 d5 30. Nxg5 (30. Nd6 $1 $18) 30... Rxg5 31. Qe7 (31. b3
$16) 31... Rh5 32. Qf7 Rh6 33. Qxd5 Qxb2 34. h4 Qxa2 35. Ra1 (35. Rxe5 $16)
35... Qc2 36. Rxa6 $4 Rxa6 0-1

[Event "Mechanics' Winter TNM; G/2"]
[Site "San Francisco"]
[Date "2016.01.19"]
[Round "3.37"]
[White "Lagrotta, Daniel S"]
[Black "James, Charles"]
[Result "1-0"]
[WhiteElo "1653"]
[BlackElo "1369"]
[Annotator "Donaldson"]
[PlyCount "89"]
[EventDate "2016.??.??"]

1. e4 e6 2. d4 d5 3. Nc3 Nf6 4. e5 Nfd7 5. f4 c5 6. Nf3 Nc6 7. Be3 Qb6 8. Na4
Qa5+ 9. c3 c4 10. b4 cxb3 11. Qxb3 Qc7 12. Nb2 a6 13. Bd3 b5 14. O-O Na5 15.
Qc2 g6 16. Kh1 Nc4 17. Nxc4 bxc4 18. Be2 Bg7 19. g4 h6 20. f5 exf5 21. gxf5
gxf5 22. Rg1 Rh7 23. Qxf5 Nf8 24. Qc2 Be6 25. Rg3 Qd7 26. Nh4 O-O-O 27. Rb1 f6
28. exf6 Bxf6 29. Bf4 Qc6 30. Ng6 Nd7 31. Ne5 Bxe5 32. Bxe5 Rf7 33. Qb2 Nxe5
34. Qb8+ Kd7 {Diagram #} 35. Qxe5 $2 (35. Rb7+ $18) 35... Rdf8 $2 (35... Qc7)
36. Rg6 Re8 37. Rxh6 Rf5 38. Qe3 Qc7 39. Bg4 Qf4 40. Rh7+ Kc6 41. Qe2 Bd7 42.
Qg2 Qe4 43. Qxe4 Rxe4 44. Bxf5 Bxf5 45. Rh6+ 1-0